| 000 | 00698nam a2200241 a 4500 | ||
|---|---|---|---|
| 005 | 20140310183453.0 | ||
| 008 | 090710s19uu xx 00 eng d | ||
| 020 | _a9780230200524 | ||
| 050 |
_aHF 5437 _b.W329 2009 |
||
| 100 | _aDonald, Waters | ||
| 245 |
_aSupply chain management : _ban introduction to logistics / _cWaters Donald. |
||
| 250 | _a2nd ed. | ||
| 260 |
_aLondon : _bPalgrave Macmillan, _c2009. |
||
| 300 |
_a511 p. : _bill. ; _c26 cm. |
||
| 521 | _aBSBA | ||
| 650 | _aBSBA. | ||
| 650 | _aEntrepreneurship. | ||
| 650 | _aBusiness logistics. | ||
| 650 |
_aIndustrial procurement _xmanagement. |
||
| 650 | _aMaterials management. | ||
| 942 |
_cBK _2lcc _kFOR |
||
| 999 |
_c23497 _d23497 |
||